000 00440cam a2200157ua 4500
041 _aeng
_h
082 _a028.74627
_bVAR/CE
100 _aVarma, C.V.J.
245 _aCentury of hydro power development in India /
_cC V J Varma.
_hTextual Documents
260 _aNew Delhi :
_bCentral Board of Irrigation and Power (CBIP) ,
_c1997.
300 _a447 ; .
504 _a
700 1 _aJajana, B L .
942 _cBK
999 _c10287
_d10287